000
00267nam a22001097a 4500
008
260422b |||||||| |||| 00| 0 eng d
100
_a
Narayanachar, K S
245
_a
Those 18 Days Part 1
260
_a
Hubli
_b
Sahitya Prakashana
_c
2007
300
_a
1018p
942
_2
ddc
999
_c
1253
_d
1253